000 00777nam a22002537a 4500
003 UA-OsUOA
001 118538
007 ta
008 20160909b un ||||| |||| 00| 0 ukr d
100 _aПістун М. Д.
700 _aМельничук А. Л.
090 _a911.3(477)(075.8)
_bП36
942 _cBK
040 _aUA-OsUOA
_bukr
_cUA-OsUOA
_dUA-OsUOA
245 _aСучасні проблеми регіонального розвитку України
_bнавчальний посібник
300 _a290 с.
955 _a2
041 _aukr
080 _a911.3(477)(075.8)
020 _a978-966-439-641-4
260 _aК.
_bВПЦ КУ
_c2013
650 7 _a911 Теоретичнії питання з географії
_2UDC
999 _c404618
_d404618